Pays qui possédaient Poitiers à travers l'histoire - Statistiques

Statistiques générales
  • Ce quiz a été pris 119 fois
  • Le résultat moyen est 8 sur 14
Statistiques - réponses
Période Pays % Correct
507 - 800 Royaume des Francs
100%
987 - 1360 France
94%
1380 - Aujourd'hui France
94%
1940 - 1944 3e Reich
91%
1360 - 1380 Empire Plantagenêt
74%
-29 - 395 Empire Romain
73%
avant -51 av J-C. Gaule Celtique
58%
418 - 507 Royaume des Wisigoth
34%
800 - 943 Empire Carolingien
33%
- 51 -/- 29 République Romaine
28%
943 - 987 Francie Occidentale
22%
732 ou 733 Califat Omeyyade
21%
395 - 418 Empire Romain d'Occident
20%
1940 - 1944 France Occupée
17%
Aucun quiz correspondant
Distribution des résultats
% des personnes avec chaque résultat
Percentile par nombre de réponses
Votre historique - résultats
Vous n’avez pas pris ce quiz